[Event "Lisbon Portugal rapid op"]
[White "Pein, Jonathan"]
[Black "Cadeirinhas, David Eduardo Lour"]
[Site "Lisbon"]
[Round "2"]
[Result "1-0"]
[Date "2019.02.10"]
[WhiteElo "2126"]
[BlackElo "1904"]
[PlyCount "85"]
[EventDate "2019.02.10"]
[EventType "swiss (rapid)"]
[EventRounds "8"]
[EventCountry "POR"]
[SourceTitle "CBM 188 Extra"]
[Source "ChessBase"]
[SourceDate "2019.02.28"]
[SourceVersion "1"]
[SourceVersionDate "2019.02.28"]
[SourceQuality "1"]

1. e4 c5 2. Nc3 e6 3. Nf3 Nc6 4. g3 Qc7 5. Bg2 Nf6 6. 0-0 Be7 7. b3 0-0 8. Bb2 d6 9. d4 Nxd4 10. Nxd4 cxd4 11. Qxd4 Bd7 12. Rac1 Bc6 13. h3 Rfd8 14. g4 h6 15. Kh1 b6 16. Ne2 e5 17. Qe3 Qb7 18. Ng3 d5 19. Bxe5 dxe4 20. Nf5 Nd5 21. Qg3 Bf6 22. c4 Bxe5 23. Qxe5 Nf6 24. Nxh6+ Kf8 25. Nf5 Rd7 26. Ne3 Re8 27. Qg5 Nh7 28. Qf4 Nf6 29. Kg1 b5 30. g5 Nh5 31. Qf5 g6 32. Qc5+ Kg8 33. Ng4 Qb6 34. Qxb6 axb6 35. Rfe1 Rd2 36. cxb5 Bxb5 37. a4 Be2 38. Nh6+ Kg7 39. Rc7 Rf8 40. Bxe4 Nf4 41. Bg2 Ne6 42. Re7 Bd3 43. R1xe6 1-0

[Event "POR Cup 39th"]
[White "Leao, Luis"]
[Black "Cadeirinhas, David Eduardo Lour"]
[Site "Portugal"]
[Round "5.1"]
[Result "0-1"]
[Date "2017.07.15"]
[WhiteElo "1886"]
[BlackElo "1876"]
[PlyCount "86"]
[EventDate "2017.03.11"]
[EventType "team-k.o."]
[EventRounds "6"]
[EventCountry "POR"]
[SourceTitle "EXT 2018"]
[Source "ChessBase"]
[SourceDate "2017.10.13"]
[SourceVersion "1"]
[SourceVersionDate "2017.10.13"]
[SourceQuality "1"]
[WhiteTeam "Porto GX"]
[BlackTeam "Amadora"]
[WhiteTeamCountry "POR"]
[BlackTeamCountry "POR"]

1. d4 d5 2. c4 c6 3. Nc3 Nf6 4. e3 e6 5. Nf3 Nbd7 6. b3 b6 7. Be2 Be7 8. 0-0 0-0 9. Bb2 Bb7 10. Bd3 c5 11. cxd5 exd5 12. dxc5 Nxc5 13. Be2 Rc8 14. Nb5 a6 15. Nbd4 Nce4 16. Bd3 Nc3 17. Qe1 Nfe4 18. Nd2 Bf6 19. f3 Nd6 20. Qg3 Bxd4 21. exd4 Qf6 22. Qe5 Qh6 23. Rf2 Rfe8 24. Qg3 Re3 25. Bf1 Ndb5 26. Rc1 Nxa2 27. Rxc8+ Bxc8 28. Bxb5 axb5 29. Qc7 Qe6 30. Qd8+ Qe8 31. Qxd5 Nb4 32. Qg5 h6 33. Qg3 Nd3 34. Ne4 Qc6 35. d5 Qg6 36. Qc7 Bf5 37. Bd4 Re1+ 38. Rf1 Rxf1+ 39. Kxf1 Bxe4 40. fxe4 Qxe4 41. Qd8+ Kh7 42. Bf2 Nf4 43. Qxb6 Qe2+ 0-1

[Event "POR CupT qf  39th"]
[White "Cadeirinhas, David Eduardo Lour"]
[Black "Fernandes, Ricardo Paulos"]
[Site "Portugal"]
[Round "4.3"]
[Result "1-0"]
[Date "2017.07.01"]
[WhiteElo "1876"]
[BlackElo "1759"]
[PlyCount "84"]
[EventDate "2017.03.11"]
[EventType "team-k.o."]
[EventRounds "6"]
[EventCountry "POR"]
[SourceTitle "EXT 2018"]
[Source "ChessBase"]
[SourceDate "2017.10.13"]
[SourceVersion "1"]
[SourceVersionDate "2017.10.13"]
[SourceQuality "1"]
[WhiteTeam "Amadora"]
[BlackTeam "Galitos"]
[WhiteTeamCountry "POR"]
[BlackTeamCountry "POR"]

1. d4 d5 2. c4 e6 3. Nf3 Nf6 4. Bg5 Nbd7 5. e3 c6 6. Bd3 Qa5+ 7. Nbd2 dxc4 8. Bxc4 Ne4 9. Bh4 Bb4 10. a3 Bxd2+ 11. Nxd2 Nxd2 12. Qxd2 Qxd2+ 13. Kxd2 0-0 14. Rhd1 Nb6 15. Bb3 f6 16. Rac1 Kf7 17. e4 h5 18. f3 Bd7 19. Ke2 Rad8 20. Bf2 Kg6 21. a4 Rfe8 22. Be3 Bc8 23. a5 Na8 24. d5 exd5 25. exd5 cxd5 26. Bxd5 Bf5 27. Bxb7 Rb8 28. a6 Re5 29. Kf2 Rb5 30. Rd2 Nb6 31. Rc6 Nc8 32. Rc7 Nb6 33. Rc6 Nc8 34. Bf4 Ne7 35. Rc7 Re8 36. Re2 Nd5 37. Rxe8 Nxf4 38. Be4 Rxb2+ 39. Kg3 Ne2+ 40. Kh4 Nf4 41. Bxf5+ Kxf5 42. g4+ hxg4 1-0

[Event "POR-ch blitz"]
[White "Fernandes, Antonio ETG"]
[Black "Cadeirinhas, David Eduardo Lour"]
[Site "Almada"]
[Round "2"]
[Result "1-0"]
[Date "2017.06.10"]
[WhiteElo "2468"]
[BlackElo "1902"]
[PlyCount "56"]
[EventDate "2017.06.10"]
[EventType "swiss (blitz)"]
[EventRounds "11"]
[EventCountry "POR"]
[SourceTitle "CBM 178 Extra"]
[Source "ChessBase"]
[SourceDate "2017.06.22"]
[SourceVersion "1"]
[SourceVersionDate "2017.06.22"]
[SourceQuality "1"]

1. d4 d5 2. c4 c6 3. Nf3 Nf6 4. e3 e6 5. Nc3 Nbd7 6. b3 Be7 7. Bb2 0-0 8. Bd3 b6 9. e4 dxe4 10. Nxe4 c5 11. 0-0 Bb7 12. Qe2 Rc8 13. Rad1 Qc7 14. dxc5 Bxe4 15. Bxe4 Nxc5 16. Be5 Ncxe4 17. Bxc7 Rxc7 18. Rd3 Nc5 19. Rd4 Rfc8 20. Rfd1 h6 21. Ne5 a6 22. h3 Nce4 23. Rxe4 Nxe4 24. Qxe4 Bf6 25. Ng4 Be7 26. Ne5 b5 27. g3 Bf6 28. Nd7 Be7 1-0

[Event "Lisbon Check Mate op 3rd"]
[White "Pintor, Simao Maciel Abranc"]
[Black "Cadeirinhas, David Eduardo Lour"]
[Site "Lisbon"]
[Round "7"]
[Result "1-0"]
[Date "2015.08.14"]
[WhiteElo "2089"]
[BlackElo "1877"]
[PlyCount "53"]
[EventDate "2015.08.08"]
[EventType "swiss"]
[EventRounds "7"]
[EventCountry "POR"]
[SourceTitle "EXT 2017"]
[Source "ChessBase"]
[SourceDate "2016.10.25"]
[SourceVersion "1"]
[SourceVersionDate "2016.10.25"]
[SourceQuality "1"]

1. d4 Nf6 2. c4 g6 3. Nf3 Bg7 4. g3 0-0 5. Bg2 d6 6. 0-0 Nbd7 7. Qc2 e5 8. Rd1 Qe7 9. dxe5 dxe5 10. e4 Nc5 11. Nc3 c6 12. b4 Ncd7 13. Rb1 Re8 14. c5 Nf8 15. h3 a5 16. a3 h6 17. Be3 g5 18. Nd2 Be6 19. b5 N6d7 20. Na4 Ng6 21. Nc4 Bxc4 22. Qxc4 Ndf8 23. bxc6 bxc6 24. Rd6 Ne6 25. Rxc6 Nd4 26. Bxd4 exd4 27. Rxg6 1-0

[Event "Lisbon Christmas op"]
[White "Cadeirinhas, David Eduardo Lour"]
[Black "Halfhide, Sebastian"]
[Site "Lisbon"]
[Round "3"]
[Result "0-1"]
[Date "2014.12.27"]
[WhiteElo "1871"]
[BlackElo "2068"]
[PlyCount "80"]
[EventDate "2014.12.26"]
[EventType "swiss"]
[EventRounds "9"]
[EventCountry "POR"]
[SourceTitle "EXT 2018"]
[Source "ChessBase"]
[SourceDate "2017.10.13"]
[SourceVersion "1"]
[SourceVersionDate "2017.10.13"]
[SourceQuality "1"]

1. c4 Nf6 2. Nc3 g6 3. g3 Bg7 4. Bg2 0-0 5. a3 a5 6. Rb1 c6 7. d4 d5 8. cxd5 Nxd5 9. e4 Nxc3 10. bxc3 e5 11. Ne2 b6 12. 0-0 Ba6 13. Be3 Bc4 14. Re1 b5 15. f4 exf4 16. Nxf4 Nd7 17. e5 Rc8 18. a4 Nb6 19. axb5 cxb5 20. Bh3 Rc7 21. e6 f5 22. Bg2 g5 23. Nh5 Re8 24. Nxg7 Rxg7 25. Bc6 Rxe6 26. Bxb5 Rge7 27. Bf2 Rxe1+ 28. Bxe1 Bd5 29. Bd3 Rf7 30. Bf2 Qf6 31. Qc2 f4 32. Be4 Qe6 33. Re1 Bxe4 34. Qxe4 Qxe4 35. Rxe4 a4 36. Re5 h6 37. Rb5 Nc4 38. Rb4 a3 39. Ra4 Rd7 40. Kg2 Rd5 0-1

[Event "Lisbon Check Mate op 1st"]
[White "Carneiro, Carlos Alberto Carv"]
[Black "Cadeirinhas, David Eduardo Lour"]
[Site "Lisbon"]
[Round "2.4"]
[Result "1-0"]
[Date "2013.08.10"]
[WhiteElo "2211"]
[BlackElo "1905"]
[PlyCount "29"]
[EventDate "2013.08.10"]
[EventType "swiss"]
[EventRounds "7"]
[EventCountry "POR"]
[SourceTitle "EXT 2015"]
[Source "ChessBase"]
[SourceDate "2014.11.20"]
[SourceVersion "1"]
[SourceVersionDate "2014.11.20"]
[SourceQuality "1"]

1. d4 d5 2. Nf3 Nf6 3. c4 c6 4. Nc3 e6 5. cxd5 cxd5 6. Bg5 Be7 7. e3 0-0 8. Bd3 Nc6 9. Rc1 a6 10. 0-0 Bd7 11. Ne5 Rc8 12. Qe2 Nxe5 13. dxe5 Ne4 14. Bxe7 Nxc3 15. Bxh7+ 1-0

[Event "POR-ch prel"]
[White "Cadeirinhas, David Eduardo Lour"]
[Black "Pires, Emanuel Joao Robart"]
[Site "Lisbon"]
[Round "9.8"]
[Result "0-1"]
[Date "2013.07.21"]
[WhiteElo "1899"]
[BlackElo "2075"]
[PlyCount "100"]
[EventDate "2013.07.15"]
[EventType "swiss"]
[EventRounds "9"]
[EventCountry "POR"]
[SourceTitle "EXT 2015"]
[Source "ChessBase"]
[SourceDate "2014.11.20"]
[SourceVersion "1"]
[SourceVersionDate "2014.11.20"]
[SourceQuality "1"]

1. c4 e6 2. Nc3 d5 3. d4 Nf6 4. Nf3 Be7 5. Bf4 a6 6. e3 dxc4 7. Bxc4 b5 8. Bd3 Bb7 9. 0-0 Nbd7 10. Ne5 c5 11. Nxd7 Qxd7 12. dxc5 Bxc5 13. Qe2 b4 14. Nb1 Qc6 15. f3 Qb6 16. Kh1 Nd5 17. Be4 Nxf4 18. exf4 0-0 19. Nd2 Bd4 20. Nc4 Qb5 21. Rac1 g6 22. b3 Rfd8 23. Rfd1 Bg7 24. Bxb7 Qxb7 25. Ne5 Bh6 26. g3 Bg7 27. Kg2 a5 28. Rc4 a4 29. Rcd4 Rxd4 30. Rxd4 axb3 31. axb3 Rf8 32. Qc4 Qa7 33. Qxb4 Qa1 34. Qd2 Qa8 35. b4 h5 36. b5 Qa7 37. Rd6 Qa1 38. Nc6 h4 39. b6 h3+ 40. Kxh3 Qf1+ 41. Qg2 Qb5 42. Ne7+ Kh7 43. Qd2 Bf6 44. Nc6 Kg7 45. Na7 Qf1+ 46. Kg4 Be7 47. Qd4+ Bf6 48. Qd3 Qg1 49. Qd2 Rh8 50. Nb5 Rh4# 0-1

[Event "POR-ch prel"]
[White "Sousa, Andre Miguel Vale"]
[Black "Cadeirinhas, David Eduardo Lour"]
[Site "Lisbon"]
[Round "8.14"]
[Result "0-1"]
[Date "2013.07.20"]
[WhiteElo "1961"]
[BlackElo "1899"]
[PlyCount "132"]
[EventDate "2013.07.15"]
[EventType "swiss"]
[EventRounds "9"]
[EventCountry "POR"]
[SourceTitle "EXT 2015"]
[Source "ChessBase"]
[SourceDate "2014.11.20"]
[SourceVersion "1"]
[SourceVersionDate "2014.11.20"]
[SourceQuality "1"]

1. e4 c5 2. Nf3 Nc6 3. d4 cxd4 4. Nxd4 g6 5. Be3 Bg7 6. Nc3 Nf6 7. Bc4 0-0 8. Bb3 a5 9. f3 d5 10. exd5 Nb4 11. Ndb5 a4 12. Bc4 Bf5 13. Nd4 Nfxd5 14. Nxf5 Nxc3 15. Qxd8 Raxd8 16. Nxg7 Nxc2+ 17. Kf2 Nxe3 18. Kxe3 Nd5+ 19. Bxd5 Rxd5 20. Rhd1 Rb5 21. Ne6 fxe6 22. Rd2 Rc8 23. Re1 Kf7 24. Ree2 Rc6 25. Rd4 Rcb6 26. Rxa4 Rxb2 27. f4 Kf6 28. Ra5 Rxe2+ 29. Kxe2 Ra6 30. Rb5 Rxa2+ 31. Kf3 Ra3+ 32. Kf2 Rd3 33. g4 Rd5 34. Rxb7 e5 35. fxe5+ Rxe5 36. h4 h5 37. Rb6+ e6 38. g5+ Kf5 39. Kf3 Ra5 40. Rb7 Ra3+ 41. Kg2 e5 42. Rb6 Kg4 43. Rb4+ Kf5 44. Rb6 Kg4 45. Rxg6 Kxh4 46. Kf2 Rg3 47. Ra6 Rxg5 48. Ra4+ Rg4 49. Ra3 Rf4+ 50. Kg2 e4 51. Ra5 Kg4 52. Ra8 h4 53. Rg8+ Kf5 54. Re8 Rf3 55. Rf8+ Kg4 56. Rg8+ Kf4 57. Rf8+ Ke3 58. Rd8 h3+ 59. Kg1 Ke2 60. Re8 Re3 61. Rd8 Rd3 62. Re8 e3 63. Ra8 Ke1 64. Ra1+ Rd1 65. Ra2 e2 66. Kh2 Kf1 0-1

[Event "POR-ch prel"]
[White "Cavadas, Francisco Manuel Si"]
[Black "Cadeirinhas, David Eduardo Lour"]
[Site "Lisbon"]
[Round "6.19"]
[Result "1/2-1/2"]
[Date "2013.07.19"]
[WhiteElo "1675"]
[BlackElo "1899"]
[PlyCount "100"]
[EventDate "2013.07.15"]
[EventType "swiss"]
[EventRounds "9"]
[EventCountry "POR"]
[SourceTitle "EXT 2015"]
[Source "ChessBase"]
[SourceDate "2014.11.20"]
[SourceVersion "1"]
[SourceVersionDate "2014.11.20"]
[SourceQuality "1"]

1. e4 c5 2. Nf3 Nc6 3. d4 cxd4 4. Nxd4 g6 5. Nc3 Bg7 6. Be3 Nf6 7. Bc4 0-0 8. Bb3 a5 9. a4 Ng4 10. Qxg4 Nxd4 11. 0-0 Nxb3 12. cxb3 d5 13. Qe2 d4 14. Rfd1 Qb6 15. Nd5 Qxb3 16. Nxe7+ Kh8 17. Bxd4 Be6 18. Bxg7+ Kxg7 19. Nd5 Rac8 20. Rd3 Rc2 21. Rxb3 Rxe2 22. Rxb7 Rxe4 23. Nc3 Rd4 24. Rb5 Rd2 25. Rc1 Rfd8 26. f3 Bc4 27. Rb6 Be6 28. Ne4 R2d4 29. b3 Bf5 30. Ng3 Be6 31. Rc2 Rd3 32. Rb2 h5 33. Ne4 R8d5 34. Kf2 Bf5 35. Re2 Rd8 36. Rb5 h4 37. Nc5 Rc3 38. Ne4 Rcd3 39. h3 Rc8 40. Rxa5 Bxe4 41. Rxe4 Rxb3 42. Rxh4 Rc2+ 43. Kg1 f5 44. Rb5 Ra3 45. Rb7+ Kf6 46. Rhb4 Raa2 47. f4 Rxg2+ 48. Kf1 Rgf2+ 49. Ke1 Ke6 50. R7b6+ Kd5 1/2-1/2

[Event "POR-ch prel"]
[White "Cadeirinhas, David Eduardo Lour"]
[Black "Fidalgo, Andre Neves"]
[Site "Lisbon"]
[Round "2.19"]
[Result "1-0"]
[Date "2013.07.16"]
[WhiteElo "1899"]
[BlackElo "1735"]
[PlyCount "93"]
[EventDate "2013.07.15"]
[EventType "swiss"]
[EventRounds "9"]
[EventCountry "POR"]
[SourceTitle "EXT 2015"]
[Source "ChessBase"]
[SourceDate "2014.11.20"]
[SourceVersion "1"]
[SourceVersionDate "2014.11.20"]
[SourceQuality "1"]

1. c4 c5 2. Nc3 Nc6 3. g3 g6 4. Bg2 Bg7 5. a3 e5 6. b4 cxb4 7. axb4 Nge7 8. b5 Nd4 9. e3 Ne6 10. Nge2 0-0 11. 0-0 f5 12. d4 d6 13. Nd5 e4 14. Nec3 Nxd5 15. Nxd5 b6 16. f3 Ng5 17. fxe4 Nxe4 18. Bxe4 fxe4 19. Rxf8+ Bxf8 20. Qc2 Bf5 21. Ra6 Bc8 22. Ra4 Bf5 23. Qa2 Be6 24. Nc3 Qf6 25. Qf2 Qe7 26. Nxe4 Bg7 27. Nc3 Rf8 28. Qg2 Bh6 29. Nd5 Qf7 30. Ra2 Bxd5 31. Qxd5 Qxd5 32. cxd5 Rc8 33. Bd2 Rc7 34. Kg2 Kf7 35. Kf3 Kf6 36. h3 Bf8 37. g4 Be7 38. h4 Kg7 39. g5 h5 40. Ra3 Kf7 41. Rc3 Bd8 42. Rxc7+ Bxc7 43. Bc3 a5 44. bxa6 Bb8 45. e4 b5 46. e5 Ke8 47. Bb4 1-0

[Event "Lisbon-ch sf"]
[White "Santos, Joao Artur Almeida"]
[Black "Cadeirinhas, David Eduardo Lour"]
[Site "Lisbon"]
[Round "1"]
[Result "1-0"]
[Date "2008.04.21"]
[WhiteElo "2075"]
[BlackElo "1682"]
[PlyCount "53"]
[EventDate "2008.04.21"]
[EventType "swiss"]
[EventRounds "8"]
[EventCountry "POR"]
[SourceTitle "EXT 2022"]
[Source "ChessBase"]
[SourceDate "2021.10.06"]
[SourceVersion "1"]
[SourceVersionDate "2021.10.06"]
[SourceQuality "1"]

1. e4 e5 2. Nf3 Nc6 3. Bb5 a6 4. Ba4 Nf6 5. 0-0 b5 6. Bb3 Be7 7. Qe2 d6 8. c3 Bg4 9. h3 Bh5 10. d3 0-0 11. Nbd2 d5 12. g4 dxe4 13. Nxe4 Bg6 14. Rd1 Qb8 15. Nxf6+ Bxf6 16. Bg5 Be7 17. Bd5 Qe8 18. Nxe5 Bd6 19. Bxc6 Qxe5 20. Qxe5 Bxe5 21. Bxa8 Rxa8 22. d4 Bd6 23. Re1 Bf5 24. h4 Be6 25. f3 Bg3 26. Re2 Bxh4 27. Bf4 1-0

[Event "Lisbon-ch final"]
[White "Afonso, Nuno Cerqueira"]
[Black "Cadeirinhas, David Eduardo Lour"]
[Site "Lisbon"]
[Round "8"]
[Result "1-0"]
[Date "2007.06.28"]
[WhiteElo "1672"]
[BlackElo "1615"]
[PlyCount "139"]
[EventDate "2007.06.15"]
[EventType "swiss"]
[EventRounds "9"]
[EventCountry "POR"]
[SourceTitle "EXT 2018"]
[Source "ChessBase"]
[SourceDate "2017.10.13"]
[SourceVersion "1"]
[SourceVersionDate "2017.10.13"]
[SourceQuality "1"]

1. e4 e5 2. Nf3 Nc6 3. Bb5 a6 4. Ba4 Nf6 5. d3 b5 6. Bb3 Be7 7. Nbd2 d6 8. c3 Na5 9. Bc2 c5 10. 0-0 0-0 11. Re1 Bg4 12. Nf1 Nc6 13. h3 Be6 14. Ng3 h6 15. d4 exd4 16. cxd4 Bc8 17. dxc5 dxc5 18. e5 Qxd1 19. Rxd1 Nh7 20. Be4 Bb7 21. Rd7 Rab8 22. Bxc6 Bxc6 23. Rxe7 Bxf3 24. gxf3 Rfd8 25. Be3 c4 26. Ra7 Rd5 27. f4 Nf8 28. Rxa6 Ng6 29. e6 fxe6 30. Rxe6 Nh4 31. f5 Rbd8 32. Re4 Rd1+ 33. Rxd1 Rxd1+ 34. Nf1 Nxf5 35. Kg2 Rb1 36. Ng3 Nxg3 37. Kxg3 Rxb2 38. a4 c3 39. axb5 Rxb5 40. Rc4 Rb3 41. Kg2 Kf7 42. Bd4 Rb5 43. Bxc3 Rg5+ 44. Kh2 Ke6 45. Rc7 g6 46. Bd2 Rf5 47. Rc6+ Kf7 48. Rc7+ Ke6 49. Kg2 h5 50. Rg7 Kf6 51. Bc3+ Kg5 52. Rh7 Rc5 53. Bb4 Rc6 54. Bd2+ Kf5 55. h4 Ke4 56. Bg5 Kf5 57. Rf7+ Ke5 58. f4+ Ke4 59. Re7+ Kf5 60. Kf3 Rc3+ 61. Re3 Rc5 62. Re5+ Rxe5 63. fxe5 Kxe5 64. Ke3 Kf5 65. Kd4 Ke6 66. Ke4 Kd6 67. Kf4 Kd5 68. Bf6 Ke6 69. Kg5 Kf7 70. Bd4 1-0